00360pab a2200109 454500008003600000100002400036245006000060362003700120650002000157650003900177773003400216180718b xxu||||| |||| 00| 0 eng d aSutherland Sally J. aSuttee, sati, and sahagamana: an epic misunderstanding? a29(26), 25 Jun 1994, p.1595-1605 a Women -- India aReservation -- Employment -- India aEconomic and Political Weekly